The Gospel of Barnabas

Bibliographic Details
Format: Book
Published: Karachi : Umma for the Quran Concil of Pakistan , c1974
Subjects:

MARC

LEADER 00000cam a2200000 7i4500
001 0000007636
005 20030803093000.0
008 021119s1974
090 0 0 |a BS2900.B2 A3   |b G6 
245 0 4 |a The Gospel of Barnabas 
260 2 |a Karachi :   |b Umma for the Quran Concil of Pakistan ,   |c c1974 
300 |a 273 p. ;   |c 21 cm. 
650 0 |a Apocryphal Books (New Testament) 
740 0 0 |a Epistle of Barnabas 
999 |a 1000007862   |b Book   |c OPEN SHELF (30 DAYS)   |e Gong Badak Campus 
999 |a 1000007865   |b Book   |c OPEN SHELF (30 DAYS)   |e Gong Badak Campus